Statistiques concernant Départements français ayant deux frontières internationales

Cliquez ici pour prendre le quiz!

Statistiques générales

  • Ce quiz a été pris 1 053 fois
  • Le résultat moyen est 6 sur 8

Statistiques - réponses

DépartementsFrontières% Correct
Haute-SavoieItalie | Suisse
87%
MoselleAllemagne | Luxembourg
86%
Haut-RhinAllemagne | Suisse
85%
Alpes-MaritimesItalie | Monaco
76%
Meurthe-et-MoselleBelgique | Luxembourg
74%
AriègeAndorre | Espagne
70%
GuyaneBrésil | Suriname
66%
Pyrénées-OrientalesAndorre | Espagne
57%

Distribution des résultats

Percentile par nombre de réponses

% des personnes avec chaque résultat

Votre développement - résultats

Vous n’avez pas pris ce quiz